000
00207 a2200097 4500
001
6965
100
_a
Blackman, R V B
245
_a
Jane's Fighling ships
260
_a
_b
Sampson Low
_c
090
_c
5749
_d
5749
942
_a
NUST-CAE
_c
M
_c
32210
999
_c
242038
_d
242038